000 00602cam a2200169 a 4500
001 000002805
005 20200929150247.0
008 730405s1970 sp b 001 f spa
040 _aDO-SdBNP
_bspa
_cBNPHU
082 _a809.3872
_bR696n
100 1 _aRodríguez Joulia Saint-Cyr, Carlos.
_98865
245 1 3 _aLa novela de intriga.
260 _aMadrid :
_bANABA. Asociación Nacional de Bibliotecarios, Archiveros y Arqueólogos,
_c1970.
300 _a126 p. ;
_c18 cm.
440 0 _aBiblioteca profesional de ANABA ;
_p3 cuadernos :
_vno. 2
_98866
650 4 _aNovela policíaca
_xHistoria y crítica
_98867
999 _c2639
_d2639